1663 1004 1930 1586 1509 1035 1315 1113 1347 1148 1157 1774 1169 1126 1604 1890 1263 1712 1706 1492 1897 1646 1825 1541 1313 1033 1097 1988 1664 1025 1753 1534 1810 1207 1544 1731 1228 1651 1136 1225 1882 1919 1066 1245 1020 1998 1186 1789 1777 1511 1697 1761 1618 1978 1604 1203 1461 1464 1028 1257 1980 1823 1786 1161 1609 1883 1914 1229 1055 1285 1409 1144 1611 1398 1318 1689 1910 1463 1124 1257 1296 1038 1784 1741 1475 1498 1515 1755 1251 1765 1808 1867 1966 1413 1955 1823 1811 1461 1128 BCNSPRNW ULIB Ver.6.0+V

เปลี่ยนเป็นภาษาไทย

Change to English
 แสดงรายละเอียดบรรณานุกรม
  กลับหน้าหลัก

Brief Record : Get Marc (ISO 2709) : E-mail record : QR code < ปิดหน้าต่าง
LEADER : 00000nam 2200000uu 4500
001    13399127711
003     ULIB
008    210421s2561||||th 000 0 tha d
020    ^a9786164370227^c250
050    ^aนว^bป17น
100 0  ^aประชาคม ลุนาลัย
245 10 ^aในกับดักและกลางวงล้อม /^cประชาคม ลุนาชัย
260    ^aนนทบุรี :^bศรีปัญญา,^c2561
300    ^a296 หน้า
945    ^p250^l0^i008036
999    ^aประนอม เกษจรัล
รายการนี้ยังไม่มีแท็ก
คุณยังไม่ได้ล็อกอิน คุณสามารถมีกิจกรรมร่วมกับเว็บไซต์ได้ แต่ต้องล็อกอินก่อน ::
  ล็อกอิน

รายการสื่อสารสนเทศ

ลำดับที่ ประเภท เลขเรียก/บาร์โค้ด สถานที่ สถานะ
1. นวนิยาย
นวนิยาย
นว ป17น ฉ.1 
  Barcode: 008036
ห้องสมุดวิทยาเขตสวรรค์ประชารักษ์
►หนังสือทั่วไป
บนชั้น

BibComment


ยังไม่เคยถูกคอมเมนท์

คอมเมนท์ทรัพยากรรายการนี้
  คอมเมนท์: ในกับดักและกลางว..


 Copyright 2026. Bcnsprnw @Library